دور المواطن في مراقبة الجهاز الإداري في مصر : (Record no. 14955)
[ view plain ]
| 000 -LEADER | |
|---|---|
| fixed length control field | 01481nam a22002177a 4500 |
| 008 - FIXED-LENGTH DATA ELEMENTS--GENERAL INFORMATION | |
| fixed length control field | 110222t xxu||||| |||| 00| 0 eng d |
| 082 ## - DEWEY DECIMAL CLASSIFICATION NUMBER | |
| Classification number | 323.6 |
| Item number | و ف ا |
| 100 ## - MAIN ENTRY--PERSONAL NAME | |
| 9 (RLIN) | 15967 |
| Personal name | وفا ، دينا محمد حسن |
| 245 ## - TITLE STATEMENT | |
| Title | دور المواطن في مراقبة الجهاز الإداري في مصر : |
| Remainder of title | تجارب من الخبرات الدولية (التجربة الأمريكية والبريطانية) / |
| Statement of responsibility, etc | دينا محمد حسن وفا |
| 260 ## - PUBLICATION, DISTRIBUTION, ETC. (IMPRINT) | |
| Place of publication, distribution, etc | القاهرة : |
| Name of publisher, distributor, etc | دار النهضة العربية ، 2010 |
| Date of publication, distribution, etc | 2010 |
| 300 ## - PHYSICAL DESCRIPTION | |
| Extent | 305 ص ؛ |
| Dimensions | 22 سم |
| 504 ## - BIBLIOGRAPHY, ETC. NOTE | |
| Bibliography, etc | يشتمل على ببليوجرافية ص 282-303 |
| 541 ## - IMMEDIATE SOURCE OF ACQUISITION NOTE | |
| Source of acquisition | د. دينا محمد حسن وفا ؛ |
| 650 ## - SUBJECT ADDED ENTRY--TOPICAL TERM | |
| 9 (RLIN) | 22256 |
| Topical term or geographic name as entry element | المواطنة |
| 650 ## - SUBJECT ADDED ENTRY--TOPICAL TERM | |
| 9 (RLIN) | 14803 |
| Topical term or geographic name as entry element | الرقابة الإدارية |
| 942 ## - ADDED ENTRY ELEMENTS (KOHA) | |
| Source of classification or shelving scheme | Dewey Decimal Classification |
| Item type | Book - Borrowing |
| Withdrawn status | Item status | Source of classification or shelving scheme | Damaged status | Not for loan | Vendor | Home library | Current library | Shelving location | Date acquired | Source of acquisition | Total Checkouts | Full call number | Barcode | Date last seen | Date last borrowed | Koha item type |
|---|---|---|---|---|---|---|---|---|---|---|---|---|---|---|---|---|
| Dewey Decimal Classification | Central Library | Central Library | First floor | 22/02/2011 | Donation | 1 | 323.6 و ف ا | 000022782 | 15/07/2025 | 28/09/2011 | Book - Borrowing | |||||
| Dewey Decimal Classification | Central Library | Central Library | First floor | 22/02/2011 | Donation | 323.6 و ف ا | 000022781 | 15/07/2025 | Book - Borrowing | |||||||
| Dewey Decimal Classification | Central Library | Central Library | First floor | 22/02/2011 | Donation | 323.6 و ف ا | 000022783 | 15/07/2025 | Book - Borrowing | |||||||
| Dewey Decimal Classification | Central Library | Central Library | First floor | 07/03/2011 | Donation | 323.6 و ف ا | 000022661 | 15/07/2025 | Book - Borrowing |